[Event "TCh-Moscow 2014"]
[Site "Moscow RUS"]
[Date "2014.10.04"]
[Round "5.4"]
[White "Zherebtsova, Alexandra"]
[Black "Denishev, Marat"]
[Result "1-0"]
[WhiteTitle "WFM"]
[WhiteElo "2142"]
[BlackElo "2183"]
[WhiteTeam "MSU"]
[BlackTeam "Boavista"]
[WhiteFideId "24129518"]
[BlackFideId "24131563"]
[EventDate "2014.09.27"]

1. d4 Nf6 2. Nf3 e6 3. Bf4 c5 4. e3 Nc6 5. c3 d5 6. Be2 Bd6 7. Bg3 O-O 8. Nbd2
Re8 9. O-O e5 10. dxe5 Nxe5 11. c4 Nxf3+ 12. Bxf3 Bxg3 13. hxg3 Be6 14. Rc1 Rc8
15. Qa4 b6 16. Rfd1 Qe7 17. cxd5 Bxd5 18. Nc4 Red8 19. Bxd5 Nxd5 20. Rd2 Nf6 21.
Rcd1 g6 22. Nd6 Rb8 23. Qh4 Rf8 24. Qg5 Qe6 25. b3 Kg7 26. Qf4 h6 27. e4 Ng8 28.
Nb5 Qf6 29. Nxa7 Qxf4 30. gxf4 Nf6 31. e5 Ne4 32. Rd7 Kg8 33. Nb5 Ra8 34. a4 c4
35. R7d4 Nc5 36. Rxc4 Nxb3 37. Rd6 Nc5 38. Nc3 Rfb8 39. Rb4 Ra6 40. g3 Rba8 41.
Rdxb6 Rxb6 42. Rxb6 Nxa4 43. Nxa4 Rxa4 44. Kg2 h5 45. f5 gxf5 46. Rh6 f4 47.
Rxh5 fxg3 48. Kxg3 Kf8 49. Rh6 Ke7 50. f4 Ra1 51. Kg4 Rg1+ 52. Kf5 Re1 53. Rb6
Rf1 54. Rb7+ Ke8 55. e6 fxe6+ 56. Kxe6 Kf8 57. f5 Ra1 58. Rb8+ Kg7 59. f6+ Kg6
60. Rg8+ Kh7 61. f7 Ra6+ 62. Kd5 1-0

[Event "TCh-Moscow 2014"]
[Site "Moscow RUS"]
[Date "2014.10.04"]
[Round "5.5"]
[White "Girya, Olga"]
[Black "Popov, Ivan RUS"]
[Result "0-1"]
[WhiteTitle "WGM"]
[BlackTitle "GM"]
[WhiteElo "2476"]
[BlackElo "2627"]
[WhiteTeam "School Chess School Anatoly Karpov"]
[BlackTeam "Palace"]
[WhiteFideId "4195752"]
[BlackFideId "4170350"]
[EventDate "2014.09.27"]

1. d4 d5 2. Nf3 Nf6 3. c4 c6 4. Nc3 dxc4 5. a4 Bf5 6. e3 e6 7. Bxc4 Nbd7 8. O-O
Bb4 9. Qe2 Bg6 10. e4 Bxc3 11. bxc3 Nxe4 12. Ba3 Qc7 13. Rfc1 c5 14. dxc5 Nexc5
15. Bb5 O-O-O 16. Qe3 Nb3 17. Qxa7 Nb8 18. Qe3 Rd5 19. Nd4 Nxa1 20. Rxa1 Rhd8
21. f4 Nc6 22. Nxc6 Rd1+ 23. Rxd1 Rxd1+ 24. Kf2 bxc6 25. Ba6+ Kb8 26. Bc5 Qd8
27. Kg3 Bd3 28. Bd6+ Ka8 29. Qf3 Qxd6 30. Qxd1 g5 31. Qd2 Qxf4+ 32. Qxf4 gxf4+
33. Kxf4 Bxa6 0-1

[Event "TCh-Moscow 2014"]
[Site "Moscow RUS"]
[Date "2014.10.04"]
[Round "5.5"]
[White "Novikov, Stanislav"]
[Black "Dvalishvili, Pavel S."]
[Result "1/2-1/2"]
[WhiteTitle "GM"]
[BlackTitle "IM"]
[WhiteElo "2559"]
[BlackElo "2439"]
[WhiteTeam "Palace"]
[BlackTeam "School Chess School Anatoly Karpov"]
[WhiteFideId "4125371"]
[BlackFideId "4121996"]
[EventDate "2014.09.27"]

1. e4 e5 2. Nf3 Nc6 3. d4 exd4 4. Nxd4 Bc5 5. Nxc6 Qf6 6. Qf3 bxc6 7. Nd2 Qxf3
8. gxf3 d5 9. Nb3 Bd6 10. Bg5 h6 11. Bh4 f5 12. exf5 Bxf5 13. O-O-O Ne7 14. Na5 1/2-1/2

[Event "TCh-Moscow 2014"]
[Site "Moscow RUS"]
[Date "2014.10.04"]
[Round "5.5"]
[White "Arslanov, Shamil"]
[Black "Gavrilov, Alexei1"]
[Result "1/2-1/2"]
[WhiteTitle "IM"]
[BlackTitle "GM"]
[WhiteElo "2407"]
[BlackElo "2489"]
[WhiteTeam "School Chess School Anatoly Karpov"]
[BlackTeam "Palace"]
[WhiteFideId "4192826"]
[BlackFideId "4104358"]
[EventDate "2014.09.27"]

1. d4 Nf6 2. c4 e6 3. g3 d5 4. Bg2 Be7 5. Nf3 O-O 6. O-O dxc4 7. Qc2 a6 8. a4
Bd7 9. Rd1 Bc6 10. Nc3 Bxf3 11. Bxf3 Nc6 12. Bxc6 bxc6 13. a5 Bb4 14. Bg5 h6 15.
Ra4 Rb8 16. Na2 Bd6 17. Bxf6 Qxf6 18. Rxc4 c5 19. Nc3 cxd4 20. Rdxd4 Qf5 21.
Qxf5 exf5 22. b4 Be5 23. Rd5 Rfe8 24. e3 g6 25. Na4 Bd6 26. Nc5 Rb5 27. Rxd6
cxd6 28. Nxa6 Re4 29. Rc6 Rd5 30. Rc1 Rd2 31. Rb1 Ra2 32. Nc7 Rc4 33. Nd5 Rcc2
34. b5 Rxf2 35. Nc3 Rg2+ 36. Kf1 Raf2+ 37. Ke1 Rc2 38. Kf1 Rxh2 39. Kg1 Rhg2+
40. Kf1 Rh2 41. Kg1 f4 42. gxf4 Rhg2+ 43. Kf1 Rh2 44. Kg1 1/2-1/2

[Event "TCh-Moscow 2014"]
[Site "Moscow RUS"]
[Date "2014.10.04"]
[Round "5.5"]
[White "Krapivin, Alexander"]
[Black "Savitskiy, Sergey"]
[Result "1-0"]
[WhiteTitle "GM"]
[BlackTitle "FM"]
[WhiteElo "2442"]
[BlackElo "2347"]
[WhiteTeam "Palace"]
[BlackTeam "School Chess School Anatoly Karpov"]
[WhiteFideId "4154720"]
[BlackFideId "24105660"]
[EventDate "2014.09.27"]

1. e4 c5 2. c4 Nc6 3. Nc3 g6 4. g3 Bg7 5. Bg2 Nf6 6. d3 O-O 7. Nge2 Ne8 8. O-O
Nc7 9. Rb1 Rb8 10. Bf4 d6 11. Qd2 Re8 12. Bh6 Bh8 13. f4 Ne6 14. f5 Ned4 15.
Nxd4 cxd4 16. Nd5 e6 17. fxe6 fxe6 18. Qf4 Ne5 19. Bg5 Qxg5 20. Qxg5 exd5 21.
cxd5 Nxd3 22. Qd2 Ne5 23. Rbc1 Bd7 24. Rc7 Rec8 25. Rxd7 Nxd7 26. Bh3 Ne5 27.
Be6+ Kg7 28. Bxc8 Rxc8 29. Qxd4 b6 30. Qb4 Rc5 31. Qa4 Kh6 32. Qe8 Bg7 33. Qe7 1-0

[Event "TCh-Moscow 2014"]
[Site "Moscow RUS"]
[Date "2014.10.04"]
[Round "5.5"]
[White "Babikov, Ivan"]
[Black "Granovskiy, Alexandr"]
[Result "1-0"]
[WhiteTitle "FM"]
[BlackTitle "IM"]
[WhiteElo "2273"]
[BlackElo "2288"]
[WhiteTeam "School Chess School Anatoly Karpov"]
[BlackTeam "Palace"]
[WhiteFideId "4161106"]
[BlackFideId "13700243"]
[EventDate "2014.09.27"]

1. e4 e5 2. Nf3 Nc6 3. Nc3 g6 4. Bc4 Bg7 5. h4 Na5 6. Be2 d6 7. d4 Bg4 8. d5 c5
9. Bg5 f6 10. Be3 Ne7 11. Nd2 Bd7 12. h5 a6 13. a3 b6 14. b4 Nb7 15. b5 axb5 16.
Bxb5 Na5 17. Rb1 O-O 18. Bxd7 Qxd7 19. Rxb6 f5 20. f3 f4 21. Bf2 Rfb8 22. Rxb8+
Rxb8 23. hxg6 hxg6 24. Qa1 Qb7 25. O-O Qb2 26. Rb1 Qxa1 27. Rxa1 Rb2 28. Ra2 Rb8
29. Bh4 Kf7 30. Bxe7 Kxe7 31. Kf1 Bf6 32. Ke2 Kd7 33. Ra1 Rh8 34. Rb1 Rh2 35.
Kf2 Bd8 36. Na4 Rh8 37. Nb2 Bh4+ 38. Ke2 Rb8 39. Kd3 Bf2 40. Nbc4 Rxb1 41. Nxb1
Nb7 42. a4 Be1 43. c3 Bh4 44. a5 Kc7 45. Nba3 Nd8 46. Nb5+ 1-0

[Event "TCh-Moscow 2014"]
[Site "Moscow RUS"]
[Date "2014.10.04"]
[Round "5.5"]
[White "Maslov, Ivan"]
[Black "Losev, Dmitry"]
[Result "1/2-1/2"]
[BlackTitle "IM"]
[WhiteElo "2095"]
[BlackElo "2270"]
[WhiteTeam "Palace"]
[BlackTeam "School Chess School Anatoly Karpov"]
[WhiteFideId "24169820"]
[BlackFideId "4105958"]
[EventDate "2014.09.27"]

1. d4 Nf6 2. c4 e6 3. g3 c5 4. Nf3 b6 5. Bg2 Bb7 6. O-O cxd4 7. Qxd4 Nc6 8. Qd1
Be7 9. Nc3 O-O 10. b3 a6 11. Bb2 Qb8 12. Na4 Qa7 13. Nd4 Rfd8 14. e4 Rac8 15.
Qd2 d6 16. Qe3 Ne5 17. Ne2 Rb8 18. h3 Bc6 19. Nac3 Be8 20. Kh1 Nc6 21. Nd4 Qc7
22. Rac1 Nxd4 23. Qxd4 Qc5 24. Ne2 Bc6 25. Qd3 Ba8 26. Kh2 Qa5 27. Bc3 Qa3 28.
Qd2 Qc5 29. Qd3 Nd7 30. Bd4 Qc7 31. Rfd1 Bf6 32. Bxf6 Nxf6 33. b4 Qe7 34. Qe3 h6
35. Nd4 Nd7 36. Nb3 Ne5 37. f4 Nd7 38. c5 dxc5 39. bxc5 Nxc5 40. Rxd8+ Qxd8 41.
Nxc5 bxc5 42. Qxc5 g6 43. Qc7 Kg7 44. Qc3+ Kg8 45. h4 Bb7 46. Qc7 a5 47. Qe5 Rc8
48. Rxc8 Bxc8 49. Qb5 Bd7 50. Qd3 Qc7 51. e5 h5 1/2-1/2

[Event "TCh-Moscow 2014"]
[Site "Moscow RUS"]
[Date "2014.10.05"]
[Round "6.2"]
[White "Shorokhov, Alexandr"]
[Black "Demidov, Mikhail"]
[Result "1/2-1/2"]
[WhiteTitle "IM"]
[BlackTitle "IM"]
[WhiteElo "2446"]
[BlackElo "2499"]
[WhiteTeam "VNIIAvtomatiki"]
[BlackTeam "Boavista"]
[WhiteFideId "4152590"]
[BlackFideId "4197143"]
[EventDate "2014.09.27"]

1. e4 e6 2. d4 d5 3. Nd2 Be7 4. Bd3 c5 5. dxc5 Nf6 6. Qe2 Nc6 7. Ngf3 O-O 8. O-O
Nd7 9. Nb3 a5 10. exd5 exd5 11. Be3 a4 12. Nbd4 Nxc5 13. Bf5 Ne6 14. Qd3 g6 15.
Bxe6 fxe6 16. Rfe1 Bf6 17. Nxc6 bxc6 18. Bd4 Bxd4 19. Qxd4 Qd6 20. Ne5 c5 21.
Qg4 Ra7 22. Rad1 Qb6 23. b3 axb3 24. axb3 c4 25. Qd4 Qxd4 26. Rxd4 Ra2 27. bxc4
Rxc2 28. f3 Bb7 29. cxd5 1/2-1/2

[Event "TCh-Moscow 2014"]
[Site "Moscow RUS"]
[Date "2014.10.05"]
[Round "6.2"]
[White "Gordievsky, Dmitry"]
[Black "Nikolenko, Oleg"]
[Result "0-1"]
[WhiteTitle "FM"]
[BlackTitle "GM"]
[WhiteElo "2455"]
[BlackElo "2515"]
[WhiteTeam "Boavista"]
[BlackTeam "VNIIAvtomatiki"]
[WhiteFideId "24112798"]
[BlackFideId "4101880"]
[EventDate "2014.09.27"]

1. Nf3 Nf6 2. c4 e6 3. Nc3 Bb4 4. Qc2 O-O 5. a3 Bxc3 6. Qxc3 b6 7. g3 Bb7 8. Bg2
d5 9. cxd5 Nxd5 10. Qc2 c5 11. O-O Nc6 12. e3 e5 13. d3 f5 14. e4 Nde7 15. Ng5
Qe8 16. Qc4+ Kh8 17. Ne6 Rf6 18. Nc7 Qh5 19. Nxa8 f4 20. Nc7 Nd4 21. Re1 Ne2+
22. Rxe2 Qxe2 23. Bf1 Qh5 24. Qc2 Rh6 25. h4 Rg6 26. Qe2 f3 27. Qe3 Nc6 28. Kh2
Nd4 29. Rb1 Rg4 30. b4 Bc8 31. Rb2 h6 32. Nd5 Rxh4+ 33. gxh4 Qxh4+ 34. Kg1 Bh3
35. Qe1 Qg4+ 36. Kh2 Bg2 0-1

[Event "TCh-Moscow 2014"]
[Site "Moscow RUS"]
[Date "2014.10.05"]
[Round "6.2"]
[White "Dragomarezkij, Evgeni"]
[Black "Kukhmazov, Arsen"]
[Result "0-1"]
[WhiteTitle "IM"]
[BlackTitle "FM"]
[WhiteElo "2367"]
[BlackElo "2351"]
[WhiteTeam "VNIIAvtomatiki"]
[BlackTeam "Boavista"]
[WhiteFideId "4101944"]
[BlackFideId "24108260"]
[EventDate "2014.09.27"]

1. c4 c6 2. Nf3 d5 3. e3 Nf6 4. Nc3 Nbd7 5. d4 e6 6. Qc2 b6 7. Be2 Bb7 8. O-O
Be7 9. Rd1 Qc7 10. b3 O-O 11. Bb2 Rac8 12. e4 dxe4 13. Nxe4 c5 14. Bd3 h6 15.
dxc5 bxc5 16. Rd2 Rfd8 17. Rad1 Nh5 18. Bf1 Ndf6 19. Be5 Rxd2 20. Nexd2 Bd6 21.
Bc3 Ng4 22. g3 Nxg3 23. Ba5 Qxa5 24. hxg3 Bxg3 25. fxg3 Ne3 26. Qb1 Nxd1 27.
Qxd1 Qxa2 28. Ne5 Qb2 29. Ndf3 Bxf3 30. Nxf3 Rb8 31. Qd7 Qxb3 32. Kf2 a5 33. Be2
Qb7 34. Qa4 Qc7 35. Bd3 Kf8 36. Qa1 Qb6 37. Ke3 f6 38. Qa4 Qc7 39. Bc2 Rb4 40.
Qa2 a4 41. g4 Qd6 42. Be4 Rb3+ 43. Kf2 Qa6 44. Qd2 Ke7 45. Nh4 Qd6 46. Ng6+ Kd7
47. Nf8+ Ke7 48. Ng6+ Kd7 49. Nf8+ Kc7 50. Qa5+ Rb6 51. Qa7+ Kd8 52. Qa8+ Rb8
53. Nxe6+ Ke7 54. Qa7+ Kxe6 55. Bd5+ Ke5 56. Qxa4 Qb6 57. Qd7 Qb2+ 58. Kg3 Kd4
59. Qxg7 Rb3+ 60. Bf3 Qc3 61. Qxf6+ Kxc4 62. Qe6+ Kb4 63. Qb6+ Ka3 64. Qa6+ Kb2
65. Qe2+ Ka1 66. Qf1+ Kb2 67. Qe2+ Qc2 68. Qe5+ Ka2 69. Qe6 Qd3 0-1

[Event "TCh-Moscow 2014"]
[Site "Moscow RUS"]
[Date "2014.10.05"]
[Round "6.2"]
[White "Mikhailov, Viacheslav"]
[Black "Elishev, Ivan"]
[Result "1-0"]
[WhiteTitle "FM"]
[WhiteElo "2355"]
[BlackElo "2191"]
[WhiteTeam "Boavista"]
[BlackTeam "VNIIAvtomatiki"]
[WhiteFideId "4187369"]
[BlackFideId "4186826"]
[EventDate "2014.09.27"]

1. c4 f5 2. g3 Nf6 3. Bg2 g6 4. Nc3 Bg7 5. Nf3 O-O 6. O-O d6 7. d4 Qe8 8. b3 c5
9. Bb2 Na6 10. e3 Rb8 11. Nb5 Bd7 12. Qe2 Ne4 13. Nxa7 b5 14. cxb5 Bxb5 15. Nxb5
Qxb5 16. Qxb5 Rxb5 17. Rfd1 Ra5 18. Nd2 d5 19. Nxe4 fxe4 20. Rd2 Nb4 21. dxc5
Bxb2 22. Rxb2 Rxc5 23. Bf1 Rfc8 24. a3 Nc2 25. Rd1 Nxa3 26. b4 Rc1 27. Rxd5 Nc2
28. b5 Ne1 29. b6 Nf3+ 30. Kg2 Rxf1 31. Kxf1 Rc1+ 32. Kg2 h5 33. b7 Rg1+ 34. Kh3
Rh1 35. b8=Q+ Kh7 36. g4 e5 37. Rb7+ Kh6 38. Qh8+ Kg5 39. Qf8 1-0

[Event "TCh-Moscow 2014"]
[Site "Moscow RUS"]
[Date "2014.10.05"]
[Round "6.2"]
[White "Kozlov, Vladimir N"]
[Black "Bivol, Alina"]
[Result "0-1"]
[WhiteTitle "IM"]
[BlackTitle "WIM"]
[WhiteElo "2243"]
[BlackElo "2208"]
[WhiteTeam "VNIIAvtomatiki"]
[BlackTeam "Boavista"]
[WhiteFideId "4103980"]
[BlackFideId "4100123"]
[EventDate "2014.09.27"]

1. e4 e6 2. d4 d5 3. Nd2 a6 4. Ngf3 c5 5. exd5 exd5 6. dxc5 Bxc5 7. Nb3 Ba7 8.
Bd3 Qe7+ 9. Be2 Nf6 10. O-O h6 11. Nfd4 O-O 12. Re1 Qc7 13. c3 Nc6 14. g3 Bh3
15. Bf4 Qd7 16. Bf3 Rfe8 17. Nxc6 Rxe1+ 18. Qxe1 bxc6 19. Qd2 Qf5 20. Re1 g5 21.
Re5 Qg6 22. Bxg5 Nd7 23. Bf4 Nxe5 24. Bxe5 Re8 25. Bf4 Qd3 26. Bg2 Qxd2 27. Nxd2
Re1+ 28. Nf1 Bxg2 29. Kxg2 Re2 30. Nd2 Rxf2+ 31. Kh3 Kh7 32. b4 Bb8 33. Bxb8
Rxd2 34. a4 d4 0-1

[Event "TCh-Moscow 2014"]
[Site "Moscow RUS"]
[Date "2014.10.05"]
[Round "6.2"]
[White "Okun, Evgeny"]
[Black "Mayorov, Vasili"]
[Result "1-0"]
[WhiteElo "2121"]
[BlackElo "2052"]
[WhiteTeam "Boavista"]
[BlackTeam "VNIIAvtomatiki"]
[WhiteFideId "24131806"]
[BlackFideId "4158172"]
[EventDate "2014.09.27"]

1. g3 Nf6 2. Bg2 d5 3. f4 g6 4. Nf3 Bg7 5. d3 O-O 6. O-O c6 7. Nc3 Qb6+ 8. e3
Bg4 9. h3 Bxf3 10. Qxf3 e6 11. Kh1 Na6 12. e4 d4 13. Nd1 Rad8 14. g4 Nb4 15. Qf2
Qc5 16. a3 Nxc2 17. b4 Nxb4 18. axb4 Qxb4 19. Ba3 Qa5 20. Nb2 c5 21. Rfc1 Rfe8
22. Nc4 Qc7 23. e5 Nd5 24. Nd6 Rxd6 25. exd6 Qxd6 26. Bxc5 Qxf4 27. Qxf4 Nxf4
28. Rd1 b6 29. Bd6 e5 30. Rxa7 f5 31. gxf5 gxf5 32. Rg1 Kh8 33. Rxg7 Nxd3 34.
Bd5 Nf2+ 35. Kh2 Ng4+ 36. R1xg4 fxg4 37. Bxe5 1-0

[Event "TCh-Moscow 2014"]
[Site "Moscow RUS"]
[Date "2014.10.05"]
[Round "6.3"]
[White "Paravyan, David"]
[Black "Geivondian, Arman"]
[Result "1-0"]
[WhiteTitle "IM"]
[WhiteElo "2428"]
[BlackElo "2221"]
[WhiteTeam "The chip"]
[BlackTeam "School Chess School Anatoly Karpov"]
[WhiteFideId "4194985"]
[BlackFideId "24102032"]
[EventDate "2014.09.27"]

1. d4 Nf6 2. c4 e6 3. Nc3 d5 4. cxd5 exd5 5. Bg5 Be7 6. e3 O-O 7. Bd3 c6 8. Nge2
Nh5 9. Bxe7 Qxe7 10. Qc2 g6 11. O-O-O Ng7 12. Ng3 Nd7 13. Rhe1 Nf6 14. f3 Ne6
15. Kb1 Rd8 16. Qf2 Qb4 17. Bc2 c5 18. dxc5 Nxc5 19. Nge4 Ncxe4 20. fxe4 Qd6 21.
Rf1 Bg4 22. Rd4 Kg7 23. Nxd5 Nxd5 24. exd5 h5 25. Qxf7+ Kh6 26. Rf6 1-0

[Event "TCh-Moscow 2014"]
[Site "Moscow RUS"]
[Date "2014.10.05"]
[Round "6.3"]
[White "Zasko, Grigory"]
[Black "Erzhanov, Arman"]
[Result "0-1"]
[BlackTitle "FM"]
[WhiteElo "2129"]
[BlackElo "2273"]
[WhiteTeam "School Chess School Anatoly Karpov"]
[BlackTeam "The chip"]
[WhiteFideId "34102229"]
[BlackFideId "4138821"]
[EventDate "2014.09.27"]

1. d4 d6 2. c4 e5 3. Nf3 e4 4. Nfd2 f5 5. e3 Nf6 6. Nc3 g6 7. Be2 Bh6 8. b4 O-O
9. g3 c6 10. a4 d5 11. Ba3 Rf7 12. b5 Bf8 13. Qb3 Be6 14. cxd5 cxd5 15. Bxf8
Qxf8 16. a5 Nbd7 17. O-O g5 18. f4 exf3 19. Bxf3 Qd6 20. Qa3 Qxa3 21. Rxa3 Rc8
22. Rc1 Ne4 23. Ndxe4 dxe4 24. Bg2 Nf6 25. Raa1 Rfc7 26. Ne2 Rxc1+ 27. Rxc1
Rxc1+ 28. Nxc1 Ng4 29. h3 Nxe3 30. g4 Nxg2 31. gxf5 Bc4 32. Kxg2 Kf7 33. Kf2 Kf6
34. Ke3 Kxf5 35. b6 axb6 36. axb6 h5 37. d5 Bxd5 38. Ne2 Ke5 39. Ng3 h4 40. Ne2
Be6 0-1

[Event "TCh-Moscow 2014"]
[Site "Moscow RUS"]
[Date "2014.10.05"]
[Round "6.3"]
[White "Morozov, Grigoriy"]
[Black "Aleksandrovskiy, Dmitriy"]
[Result "1-0"]
[WhiteTitle "FM"]
[WhiteElo "2350"]
[BlackElo "2184"]
[WhiteTeam "The chip"]
[BlackTeam "School Chess School Anatoly Karpov"]
[WhiteFideId "4168860"]
[BlackFideId "24190497"]
[EventDate "2014.09.27"]

1. d4 Nf6 2. c4 g6 3. Nc3 d5 4. Bf4 Bg7 5. e3 c6 6. h3 O-O 7. Nf3 Ne4 8. Qb3 e6
9. Nxe4 dxe4 10. Nd2 f5 11. c5 Re8 12. Nc4 Bf8 13. g4 Kh8 14. Be5+ Bg7 15. Nd6
Re7 16. gxf5 gxf5 17. Nxc8 Qxc8 18. Bd6 Re8 19. Bc4 Nd7 20. Rg1 Nf6 21. Be5 Re7
22. O-O-O Qd7 23. Rxg7 Kxg7 24. Rg1+ Kf7 25. Rg5 Nd5 26. Qd1 Rg8 27. Qh5+ Kf8
28. Qh6+ Rgg7 29. Bd6 Kg8 30. Bxe7 Qxe7 31. Rxg7+ Qxg7 32. Qxe6+ Qf7 33. Bxd5
cxd5 34. Qxf7+ Kxf7 35. b4 Ke6 36. Kd2 Kd7 37. b5 h5 38. h4 Kc7 39. Ke2 a6 40.
a4 1-0

[Event "TCh-Moscow 2014"]
[Site "Moscow RUS"]
[Date "2014.10.05"]
[Round "6.3"]
[White "Gurvich, Vitaly"]
[Black "Pletnev, Evgeniy"]
[Result "1/2-1/2"]
[WhiteElo "2095"]
[BlackElo "2234"]
[WhiteTeam "School Chess School Anatoly Karpov"]
[BlackTeam "The chip"]
[WhiteFideId "24164852"]
[BlackFideId "24104140"]
[EventDate "2014.09.27"]

1. d4 f5 2. g3 Nf6 3. Bg2 g6 4. Nf3 Bg7 5. O-O O-O 6. c4 d6 7. Nc3 c6 8. b4 Nbd7
9. Qb3 Kh8 10. Rd1 Nb6 11. Bb2 Be6 12. d5 cxd5 13. cxd5 Bg8 14. Nd4 Rc8 15. Rac1
Rxc3 16. Qxc3 Na4 17. Qb3 Nxb2 18. Qxb2 Nxd5 19. Qd2 Qb6 20. Ne6 Bxe6 21. Bxd5
Bd7 22. Qe3 Qxe3 23. fxe3 Ba4 24. Bb3 Bc6 25. Bd5 Ba4 26. Bb3 Bc6 27. Bd5 Ba4 1/2-1/2

[Event "TCh-Moscow 2014"]
[Site "Moscow RUS"]
[Date "2014.10.05"]
[Round "6.3"]
[White "Shcherbinin, Kirill"]
[Black "Ivashchenko, Veniamin"]
[Result "1/2-1/2"]
[WhiteElo "2204"]
[BlackElo "1956"]
[WhiteTeam "The chip"]
[BlackTeam "School Chess School Anatoly Karpov"]
[WhiteFideId "4180453"]
[BlackFideId "24182044"]
[EventDate "2014.09.27"]

1. e4 e6 2. d4 d5 3. Nd2 a6 4. c3 c5 5. e5 Nc6 6. Ndf3 cxd4 7. cxd4 Bb4+ 8. Bd2
Bxd2+ 9. Qxd2 Qa5 10. Bd3 Qxd2+ 11. Kxd2 Nge7 12. Ne2 f6 13. Rac1 fxe5 14. Nxe5
Nxe5 15. dxe5 Nc6 16. f4 Bd7 17. h4 O-O 18. g3 Rac8 19. a3 Be8 20. Nd4 Bd7 21.
Ke3 Nxd4 22. Kxd4 Bc6 23. Rc3 Rf7 24. Rhc1 Rfc7 25. b4 Kf7 26. a4 Ra8 27. Rc5
Re7 28. Ra5 b6 29. Rxa6 Rxa6 30. Bxa6 Bxa4 31. b5 Re8 32. Rc7+ Kg6 33. Rb7 Rc8
34. Rxg7+ Kxg7 35. Bxc8 Kf7 36. Bd7 Ke7 37. Bc6 Bc2 38. g4 Bd1 39. f5 Bxg4 40.
fxe6 Bxe6 41. Bxd5 Bg4 42. Be4 h6 43. Bd5 Be2 44. Bc4 Bh5 45. Bd3 Bg4 46. Kd5
Kd7 47. Kd4 Ke7 48. Ke3 Be6 49. Kf4 Kf7 50. Bf5 Bc4 51. Bd7 Ke7 52. Bc6 Kf7 53.
Ke4 Ke7 54. Kd4 Bb3 55. Bd5 Bd1 56. Bc4 Bg4 57. Kd5 Bf3+ 58. Kd4 Bg4 1/2-1/2

[Event "TCh-Moscow 2014"]
[Site "Moscow RUS"]
[Date "2014.10.05"]
[Round "6.3"]
[White "Mikhailovsky, Vladimir"]
[Black "Kovtunenko, Alexandr"]
[Result "0-1"]
[WhiteElo "1928"]
[BlackElo "2195"]
[WhiteTeam "School Chess School Anatoly Karpov"]
[BlackTeam "The chip"]
[WhiteFideId "34105414"]
[BlackFideId "4144597"]
[EventDate "2014.09.27"]

1. e4 c5 2. Nf3 d6 3. d4 cxd4 4. Nxd4 Nf6 5. Nc3 g6 6. f3 Bg7 7. Be3 O-O 8. Qd2
Nc6 9. O-O-O Bd7 10. g4 Ne5 11. h4 Qa5 12. h5 Rfc8 13. hxg6 fxg6 14. Kb1 Nc4 15.
Bxc4+ Rxc4 16. Nd5 Qxd2 17. Nxf6+ Bxf6 18. Rxd2 Rf8 19. Nb3 Be5 20. Rf2 Bg3 21.
Rg2 Be5 22. Rf2 Rb4 23. c3 Ra4 24. Nd4 Rc4 25. Ne2 Bc6 26. Bxa7 Rxf3 27. Rhf1
Bxe4+ 28. Ka1 Rxf2 29. Rxf2 Bd5 30. Bd4 Bxd4 31. Nxd4 e5 32. Nb5 Rxg4 33. b3 h5
34. Nxd6 h4 35. c4 Rg1+ 36. Kb2 Rg2 37. Rxg2 Bxg2 38. Ne8 Kf7 0-1

[Event "TCh-Moscow 2014"]
[Site "Moscow RUS"]
[Date "2014.10.05"]
[Round "6.4"]
[White "Vavulin, Maksim"]
[Black "Sychev, Klementy"]
[Result "1/2-1/2"]
[WhiteTitle "IM"]
[WhiteElo "2431"]
[BlackElo "2407"]
[WhiteTeam "Moscow Youth"]
[BlackTeam "Academy GMs I & V Glek"]
[WhiteFideId "4169530"]
[BlackFideId "4114060"]
[EventDate "2014.09.27"]

1. e4 c5 2. Nf3 d6 3. d4 cxd4 4. Nxd4 Nf6 5. Nc3 a6 6. Be3 e5 7. Nb3 Be6 8. h3
Nc6 9. Qf3 Rc8 10. O-O-O Nb4 11. Kb1 Qc7 12. a3 Nxc2 13. Kxc2 Qc6 14. Nd2 d5 15.
exd5 Nxd5 16. Nc4 Nxc3 17. Qxc6+ Rxc6 18. bxc3 Bxc4 19. Bxc4 Rxc4 20. Rd5 Be7
21. Rhd1 O-O 22. Rxe5 Bf6 23. Rc5 Rc8 24. Rxc8+ Rxc8 25. Bd4 Be7 26. a4 Rd8 27.
Re1 Rd7 28. Re4 1/2-1/2

[Event "TCh-Moscow 2014"]
[Site "Moscow RUS"]
[Date "2014.10.05"]
[Round "6.4"]
[White "Glek, Igor"]
[Black "Zakhartsov, Vladimir"]
[Result "1/2-1/2"]
[WhiteTitle "GM"]
[BlackTitle "IM"]
[WhiteElo "2434"]
[BlackElo "2407"]
[WhiteTeam "Academy GMs I & V Glek"]
[BlackTeam "Moscow Youth"]
[WhiteFideId "4100484"]
[BlackFideId "4145097"]
[EventDate "2014.09.27"]

1. e4 c5 2. Nf3 d6 3. Bb5+ Nd7 4. d4 Nf6 5. Nc3 cxd4 6. Qxd4 g6 7. Bg5 Bg7 8.
O-O-O O-O 9. e5 dxe5 10. Nxe5 Qc7 11. Nxd7 Nxd7 12. Nd5 Qa5 13. Qa4 Qxa4 14.
Bxa4 Nc5 15. Bb3 Nxb3+ 16. axb3 Be6 17. Nc7 Rac8 18. Nxe6 fxe6 19. Be3 Rc7 20.
Bxa7 Ra8 21. Bb6 1/2-1/2

[Event "TCh-Moscow 2014"]
[Site "Moscow RUS"]
[Date "2014.10.05"]
[Round "6.4"]
[White "Savenkov, Konstantin"]
[Black "Golubev, Roman"]
[Result "1/2-1/2"]
[WhiteElo "2370"]
[BlackElo "2324"]
[WhiteTeam "Moscow Youth"]
[BlackTeam "Academy GMs I & V Glek"]
[WhiteFideId "4138600"]
[BlackFideId "14202344"]
[EventDate "2014.09.27"]

1. e4 c5 2. Nf3 d6 3. Bb5+ Nd7 4. d4 cxd4 5. Qxd4 a6 6. Bxd7+ Bxd7 7. Nc3 Rc8 8.
O-O e5 9. Qd3 h6 10. Nd2 Be6 11. Rd1 Nf6 12. Nf1 Be7 13. Ne3 Qb6 14. b3 Qc5 15.
Bb2 O-O 16. Rac1 b5 17. Ne2 Ng4 18. Nxg4 Bxg4 19. c3 f5 20. Rf1 fxe4 21. Qxe4
Bf5 22. Qb4 Qxb4 23. cxb4 Bd3 24. Rfe1 Rxc1 25. Nxc1 Bg6 26. Ne2 Rc8 27. Nc3 Kf7
28. f4 Ke6 29. g4 Bf7 30. fxe5 dxe5 31. Ne2 Bf6 32. Nd4+ Kd5 33. Nf5 Rc7 34. a4
Bg6 35. Rd1+ Kc6 36. Rd6+ Kb7 37. axb5 axb5 38. Rd5 Kc6 39. Rd6+ Kb7 40. Rd5 Kc6
41. Ne3 Bf7 42. Rc5+ Kb6 43. Nd5+ Bxd5 44. Rxd5 Kc6 45. Rc5+ 1/2-1/2